MDQL
is popping MORE tags! Check the
thread
!
Quizzes
Events
Quiz Creation
Community
Videos
Private Events
Remove Ads
Sign In
Join for FREE
Feedback
Dark Mode
Quiz Categories
Sports
Geography
Music
Movies
Television
Just For Fun
Miscellaneous
History
Literature
Language
Science
Gaming
Entertainment
Religion
Holiday
For Kids
Quiz Lab
Recent
Popular Today
Quiz Kudos Today
Editor Picks
Curator Picks
Quizzes by...
Day
Popularity
Type
Ratings
Length
Year
Community
Subscriptions
Recent Discussions
Orange Saloon
Badges
Playlists
Quests
Create
Leaderboards
Showdown
Live 5
Trivia Bingo
Activity
Puzzle Library
Sporcle Events
Private Events
Virtual Trivia
Globe League
Become a Host
Pub Owners
SporcleCon
Opinionation
Our Games
Videos
Blog
Mobile Apps
Partnerships
Remove Ads and Go Orange
Feedback
Music
Pop Music
The Beatles
Song
Album
Lyrics
Bands
Singers
Artist
Clip
Rock
Rap
Classical
Billboard
Country Music
Kpop
Taylor Swift
Music
Pop Music
The Beatles
Song
Album
Lyrics
Bands
Singers
Artist
Clip
Rock
Rap
Classical
Billboard
Country Music
Kpop
Taylor Swift
Random Quiz
Search Sporcle
×
Quiz Lab
Quiz Lab
Music
Nintendo
Type in answers that appear in a list
Type in answers that appear in a list
Classic
Best Score? Go Orange.
Finish the Headphones lyrics Stats
Can you name the next Headphones lyrics?
By
kayla_nicole
5m
52 Questions
13 Plays
13 Plays
13 Plays
Comments
Comments
Give Quiz Kudos
Give Quiz Kudos
-
- Ratings
hide this ad
Replay
Link that replays current quiz
Next Quiz
Link to next quiz in quiz playlist
You Got
0%
They Got
Avg Score
64%
Avg Friend Score
Upgrade to see
Score Distribution
Jump to the score distribution portion of the page
Score
0/52
Timer
05:00
0
Plays Today
First lyric
next lyrics
% Correct
She gave it her best
She tried to fit in
92.3%
Her mom says she's great
The kids think she's weird
92.3%
Honestly she wish
She could disappear
84.6%
Whoa, whoa! Anytime you feel alone
Put on your headphones
84.6%
Love, love's coming
Through your headphones
84.6%
Anytime you feel alone
Put on your headphones
84.6%
Love, love's coming
Through your headphones
84.6%
L-
o-
o-
ove
Is coming through your headphones
84.6%
Whoa, whoa! Anytime you feel alone
Put on your headphones
84.6%
Love, love's coming
Through your headphones
84.6%
Anytime you feel alone
Put on your headphones
84.6%
Love, love's coming
Through your headphones
84.6%
L-
o-
o-
ove
Is coming through your headphones
84.6%
L-
o-
o-
ove
Is coming through your headphones
84.6%
Whoa, whoa! Anytime you feel alone
Put on your headphones
84.6%
Love, love's coming
Through your headphones
84.6%
Anytime you feel alone
Put on your headphones
84.6%
Love, love's coming
Through your headphones
84.6%
L-
o-
o-
ove
Is coming through your headphones
84.6%
L-
o-
o-
ove
Is coming through your headphones
84.6%
She tried to be cool but
She never could win
76.9%
L-
o-
o-
ove
Is coming through your headphones
76.9%
He gets in his car
He falls apart
76.9%
So keep your head up high
And dust off your shoulders
69.2%
So keep your head up high
And dust off your shoulders
69.2%
So keep your head up high
And dust off your shoulders
69.2%
First lyric
next lyrics
% Correct
So keep your head up high
And dust off your shoulders
69.2%
Why you try
Try to be like the rest of them
61.5%
It's alright
No, it's not over
61.5%
It's alright
No, it's not over
61.5%
There's only one you
Here's what you gotta do
53.8%
It came to an end
And now it's breaking his heart
53.8%
He wants to give up
Wants to try again
53.8%
Honestly he doesn't know
What he's feeling
53.8%
But keep your head
Up to the sky
53.8%
The sun is coming through
Here's what you gotta do
53.8%
Coming through
Your headphones
53.8%
Coming through
Your headphones
53.8%
When you know
There's so much more within
46.2%
Hey, you might not
See it with your eyes
46.2%
Twinkle, twinkle
In your eye
46.2%
Listen to
This lullaby
46.2%
But it'll be fine
If you can just smile!
46.2%
Gotta believe it
Gotta see it
38.5%
By your side in
The middle of the night
38.5%
This ain't the first time,
This ain't the first time
38.5%
Oh, can you
Feel it
30.8%
This ain't the first time
You felt like this
30.8%
This ain't the last time
You'll feel like this
30.8%
Love is here, it came
to dry up all your tears
23.1%
The sun is shining
In the sky
23.1%
I see love
It's in your eyes
15.4%
Quiz Playlist
Details
Report
Send in Message
Add To Playlist
Classic:
Type in answers that appear in a list
Last Updated: Feb 16, 2017
Quiz Scoreboard
CHALLENGE
Sign Up to Join the Scoreboard
Show All
Scores
Hide
Comments
May contain spoilers
Recently Published
Colored Red Africa Blitz
by spor1
Geography
30s
Find the 'City' Movie
by crazypaving
Movies
60s
5x2 Blitz: Bands
by SL_Kpop136
Music
30s
More to Explore
Quiz From the Vault
Featured Blog Post
14 Easter Pick-up Lines to Find Eggs With
hide this ad
You Might Also Like...
Tags
Nintendo Quiz
finish
Next
Today's Top Quizzes in Music
Browse Music
hide this ad
Today's Top Quizzes in Nintendo
Browse Nintendo
Top Contributed Quizzes in Music
1
5X2 Blitz: Bands II
2
Taylor Swift All Songs (2024)
3
Taylor Swift Logic Puzzle II
4
5X2 Blitz: The Beatles
5
5X2 Blitz: Billboard
6
Taylor Swift Logic Puzzle
7
5X2 Blitz: Billboard II
8
5X2 Blitz: Album
9
5X2 Blitz: Singers
10
Music Artist by Three 2010s hits
Explore More
Trending Topics
Marvel
Harry Potter
Disney
NBA
Anime
Kpop
Crossword
WWE
Song
The Office
Pokémon
NFL
Soccer
Country
Puzzle
hide this ad
More By:
kayla_nicole
Quiz
Plays
Rating
Category
Featured
Created
Taylor Swift lyrics
19,124
3.62
Music
May 20, 2011
Good Luck Charlie Trivia
1,806
4.00
Television
May 20, 2011
As Seen on TV Products
90
Miscellaneous
Jun 2, 2011
Finish the Headphones lyrics
13
Music
May 21, 2011
Go to Creator's Profile
Score Distribution
Quiz Creator Spotlight
kayla_nicole
Follow
Send a Message
Quizzes Created
-
Created Quiz Play Count
-
More By This Creator
Popular Quizzes Today
1
Colored Red Africa Blitz
2
Find the 'City' Movie
3
Find the US States - No Outlines Minefield
4
5x2 Blitz: Bands
5
The Countries of the World
6
Find the US States
7
US States
8
9x9 Crossword: Cartoon Network
More Music Quizzes
Emo & Pop Punk Bands (Clip)
Quiz Lab
Trending Quizzes
Colored Red Europe Blitz I
Colored Red Europe Blitz II
Colored Red Africa Blitz II
Colored Red Africa Blitz III
Colored Red Europe Blitz III
Recently Updated
Godzilla Movies
pecheneg
Grab Bag: 4-10 Letters
pecheneg
2024 March Madness Bracket
pecheneg
Famous TV Couples
Peacemaker
Champions League XIs: Real Madrid
pecheneg
Largest US Cities 1790-2010
pecheneg
Rides in Walt Disney World
pecheneg
Most Oscar Losses (Acting)
pecheneg
Beyoncé Albums
pecheneg
Leaping Animals
pecheneg
Trending Topics
Marvel
Disney
NBA
Crossword
Kpop
Anime
Harry Potter
Song
WWE
Soccer
Pokémon
Puzzle
NFL
Country
The Office
Your Account Isn't Verified!
In order to create a playlist on Sporcle, you need to verify the email address you used during registration. Go to your
Sporcle Settings
to finish the process.
Report this User
Report this user for behavior that violates our
Community Guidelines
.
Details:
Send Report
Go to the Sporcle.com Mobile Site →
Comments